Legnépesebb országok betű szerint - Statistics

General Stats
  • This quiz has been taken 65 times
  • The average score is 11 of 22
Answer Stats
Betű Népesség Ország % Correct
I 1 438 606 138 India
82%
K 1 433 543 839 Kína
82%
B 217 353 081 Brazília
80%
O 144 071 547 Oroszország
72%
J 122 790 465 Japán
68%
E 344 965 192 Egyesült Államok
64%
C 19 651 748 Chile
52%
P 244 076 287 Pakisztán
50%
T 86 156 205 Törökország
46%
A 46 122 365 Algéria
44%
R 19 671 871 Románia
44%
U 49 600 814 Uganda
44%
Z 20 998 077 Zambia
44%
L 40 396 790 Lengyelország
42%
N 227 856 550 Nigéria
42%
V 99 349 420 Vietnam
40%
M 129 167 473 Mexikó
32%
G 34 619 049 Ghána
30%
H 17 835 595 Hollandia
30%
D 60 856 154 Dél-afrikai Köztársaság
28%
F 118 862 953 Fülöp-szigetek
26%
S 49 057 223 Szudán
16%
No matching quizzes found
Score Distribution
Percent of People with Each Score
Percentile by Number Answered
Your Score History
You have not taken this quiz